[Event "5th EKA IIFL Investment 2019"]
[Site "Mumbai"]
[Date "2020.01.04"]
[Round "6.36"]
[White "Kaustuv, Kundu"]
[Black "Jeet, Jain"]
[Result "1-0"]
[WhiteElo "2349"]
[BlackElo "2258"]
[Annotator "TA"]
[PlyCount "63"]
[EventDate "2019.12.30"]
[EventType "swiss"]
[EventCountry "IND"]
[SourceTitle "playchess.com"]
[Source "ChessBase"]
[SourceQuality "1"]

{[%evp 16,63,10,0,8,0,0,0,0,0,0,0,127,5,4,0,124,0,17,0,0,3,2,-47,-8,-24,-20,-54,-46,-49,-41,-133,0,-62,200,-17,55,53,374,373,349,333,1353,1302,1854,1866,29995,29996,29996,29995]} 1. Nf3 d5 2. c4 e6 3. g3 Nf6 4. Bg2 Be7 5. O-O O-O 6. b3 b6 7. Bb2 Bb7 8. e3 c5 9. Nc3 Qc8 {A14: English Opening: 1...e6 with b3 by White} 10. Rc1 Rd8 11. cxd5 Nxd5 {The position is equal.} 12. Nxd5 Bxd5 13. Re1 $146 ({Predecessor:} 13. d4 a5 14. dxc5 bxc5 15. Nh4 Bxg2 16. Qg4 Bf8 17. Nxg2 {½-½ (64) Artemiev,V (2706)-Kramnik,V (2779) Douglas 2018}) 13... Be4 {[#]} (13... a5 $11) 14. Rc4 ({Only move:} 14. Bxg7 $1 $16 {[%mdl 512]} Kxg7 15. Ne5) 14... Bd5 $11 15. Rc1 ({Better is} 15. Rg4 $11 f6 16. Rh4) 15... Be4 $16 {[#]} 16. Rc4 ({White has to play} 16. Bxg7 $1 $16 {[%mdl 512] aiming for Ne5.} Kxg7 17. Ne5) 16... Bd5 $11 17. Rg4 f6 18. e4 Bc6 19. Nh4 Nd7 20. f4 Nf8 21. f5 {e5 is the strong threat.} e5 $1 22. Bf1 {Strongly threatening Bc4+.} b5 23. d3 (23. Ng2 $15) 23... Bd7 (23... Be8 $17 {And now ...c4! would win.} 24. Ng2 c4 $1 {[%mdl 512]} 25. bxc4 bxc4) 24. Nf3 ({White should play} 24. Bc1 $11) 24... g5 $2 {[%mdl 8192] [#]} (24... Be8 $15 25. Rh4 c4 26. bxc4 bxc4) 25. Bxe5 $2 (25. h4 $1 $18 {[%cal Rh4g5]} h6 26. hxg5 hxg5 {[#]} 27. Bxe5 $1 {[%mdl 512]}) 25... Qc6 (25... fxe5 $11 26. Nxg5 Qc6) 26. Qd2 h5 $2 {[%mdl 8192] [#]} (26... Bxf5 $14 27. exf5 Qxf3 {[%mdl 64] Double Attack} 28. Rxg5+ fxg5) 27. Bxf6 $1 $18 {[%mdl 576] Remove Defender} Bxf6 (27... Qxf6 28. Rxg5+) 28. Rxg5+ Bxg5 $2 (28... Bg7 29. e5 (29. Qc3 Qh6 $16) 29... Qxf3) 29. Qxg5+ {[%mdl 64] Double Attack} Kh7 30. f6 {[%csl Gf6][%cal Rg5g7]} Ne6 31. Qxh5+ Kg8 32. Ne5 {Accuracy: White = 27%, Black = 30%.} 1-0

[Event "5th EKA IIFL Investment 2019"]
[Site "Mumbai"]
[Date "2020.01.04"]
[Round "6.37"]
[White "Anuj Shrivatri"]
[Black "Varun, V."]
[Result "1-0"]
[WhiteElo "2348"]
[BlackElo "2256"]
[Annotator "RC"]
[PlyCount "65"]
[EventDate "2019.12.30"]
[EventType "swiss"]
[EventCountry "IND"]
[SourceTitle "playchess.com"]
[Source "ChessBase"]
[SourceQuality "1"]
[TimeControl "40/5400+30:1800+30"]

1. d4 {[%emt 0:00:00]} Nf6 {[%emt 0:00:00]} 2. Nf3 {[%emt 0:00:00]} g6 {[%emt 0:00:43]} 3. g3 {[%emt 0:00:00]} Bg7 {[%emt 0:00:08]} 4. Bg2 {[%emt 0:00:00]} O-O {[%emt 0:00:06]} 5. O-O {[%emt 0:00:02]} d6 {[%emt 0:00:36]} 6. b3 {[%emt 0:00:05]} c6 {[%emt 0:10:32]} 7. Bb2 {[%emt 0:00:23]} Qa5 {[%emt 0:00:01]} 8. Nbd2 {[%emt 0:00:52]} Qh5 {[%emt 0:01:27]} 9. e4 {[%emt 0:00:49]} Bh3 {[%emt 0:00:47]} 10. Re1 {[%emt 0:03:04]} Nbd7 {[%emt 0:03:04]} 11. Bxh3 {[%emt 0:00:49]} Qxh3 {[%emt 0:00:08]} 12. Ng5 {[%emt 0:00:04]} Qh5 {[%emt 0:03:21]} 13. Qxh5 {[%emt 0:00:14]} Nxh5 {[%emt 0:00:06]} 14. e5 {[%emt 0:00:07]} h6 {[%emt 0:16:19]} 15. Nh3 {[%emt 0:09:48]} f5 {[%emt 0:00:05]} 16. f4 {[%emt 0:16:55]} d5 {[%emt 0:00:53]} 17. Ba3 {[%emt 0:05:20]} Rfe8 {[%emt 0:01:18]} 18. c4 {[%emt 0:03:21]} e6 {[%emt 0:00:06]} 19. Bd6 {[%emt 0:03:01]} b5 {[%emt 0:02:01]} 20. cxb5 {[%emt 0:08:52]} cxb5 {[%emt 0:00:07]} 21. a4 {[%emt 0:00:02]} Bf8 {[%emt 0:01:19]} 22. Bxf8 {[%emt 0:00:57]} Kxf8 {[%emt 0:00:56]} 23. axb5 {[%emt 0:00:04]} Reb8 {[%emt 0:01:51]} 24. Ra5 {[%emt 0:03:11]} Ke7 {[%emt 0:01:35]} 25. Rea1 {[%emt 0:00:37]} Rb7 {[%emt 0:00:31]} 26. Nf2 {[%emt 0:01:09]} g5 {[%emt 0:06:13]} 27. fxg5 {[%emt 0:01:26]} hxg5 {[%emt 0:00:07]} 28. Nd3 {[%emt 0:00:33]} Nb6 {[%emt 0:00:32]} 29. Nc5 {[%emt 0:00:12]} Rc7 {[%emt 0:01:55]} 30. Ra6 {[%emt 0:00:12]} Nc8 {[%emt 0:03:08]} 31. Rxe6+ {[%emt 0:00:39]} Kf7 {[%emt 0:00:02]} 32. Nf3 {[%emt 0:01:53]} g4 {[%emt 0:01:10]} 33. Ng5+ {[%emt 0:00:11]} 1-0

[Event "5th EKA IIFL Investment 2019"]
[Site "Mumbai"]
[Date "2020.01.04"]
[Round "6.38"]
[White "Bharat Kumar Reddy Poluri"]
[Black "Utsab Chatterjee"]
[Result "1/2-1/2"]
[WhiteElo "2337"]
[BlackElo "2200"]
[Annotator "NA"]
[PlyCount "80"]
[EventDate "2019.12.30"]
[EventType "swiss"]
[EventCountry "IND"]
[SourceTitle "playchess.com"]
[Source "ChessBase"]
[SourceQuality "1"]
[TimeControl "40/5400+30:1800+30"]

1. e4 {[%emt 0:00:00]} c5 {[%emt 0:00:00]} 2. Nf3 {[%emt 0:00:00]} d6 {[%emt 0:00:17]} 3. d4 {[%emt 0:00:29]} cxd4 {[%emt 0:00:22]} 4. Nxd4 {[%emt 0:00:06]} Nf6 {[%emt 0:00:20]} 5. Nc3 {[%emt 0:00:02]} a6 {[%emt 0:00:07]} 6. g3 {[%emt 0:01:59]} e6 {[%emt 0:06:01]} 7. Bg2 {[%emt 0:00:09]} Be7 {[%emt 0:00:07]} 8. O-O {[%emt 0:00:06]} O-O {[%emt 0:00:04]} 9. f4 {[%emt 0:02:24]} Qc7 {[%emt 0:00:10]} 10. g4 {[%emt 0:02:32]} d5 {[%emt 0:08:27] B80: Sicilian Scheveningen: 6 g3 and 6 Be3, including English Attack} (10... Nc6 11. g5 Nxd4 12. Qxd4 d5 13. Be3 Nxe4 14. Nxe4 dxe4 15. Qxe4 Rb8 16. Rad1 Bc5 17. Bxc5 Qxc5+ 18. Qd4 Qxd4+ 19. Rxd4 {1-0 (49) Guseinov,G (2664)-Valsecchi,A (2497) Skopje 2018}) 11. e5 {[%emt 0:00:51]} Nfd7 {[%emt 0:00:46]} 12. Kh1 {[%emt 0:02:58]} Nc6 {[%emt 0:00:13]} 13. Be3 {[%emt 0:01:08]} Nxd4 {[%emt 0:06:30]} 14. Bxd4 {[%emt 0:00:13]} b5 $146 {[%emt 0:00:46]} ({Predecessor:} 14... Bc5 15. Rf3 f6 16. exf6 Nxf6 17. g5 Nd7 18. Qd2 Bxd4 19. Qxd4 {1-0 (37) Pilnik,H-Rabar,B Gothenburg 1955}) 15. a3 {[%emt 0:00:58]} Bb7 {[%emt 0:00:38]} 16. Qe2 {[%emt 0:01:14]} Rae8 {[%emt 0:01:08]} 17. g5 {[%emt 0:04:10]} Bc5 {[%emt 0:05:44]} 18. Rad1 {[%emt 0:00:35]} Bxd4 {[%emt 0:00:33]} 19. Rxd4 {[%emt 0:00:03]} Nb6 {[%emt 0:03:07]} 20. Rf3 {[%emt 0:01:14]} f6 $11 {[%emt 0:02:25]} 21. gxf6 {[%emt 0:01:12]} gxf6 {[%emt 0:00:05]} 22. exf6 {[%emt 0:03:25]} Rxf6 {[%emt 0:00:39]} 23. f5 {[%emt 0:01:49]} Kh8 {[%emt 0:10:29]} 24. fxe6 {[%emt 0:07:27]} Rexe6 {[%emt 0:00:12]} 25. Rxf6 {[%emt 0:02:34]} Rxf6 {[%emt 0:01:51]} 26. Qe8+ {[%emt 0:15:19]} Kg7 {[%emt 0:00:11]} 27. Ne2 {[%emt 0:01:53]} Bc6 {[%emt 0:04:01]} 28. Qh5 {[%emt 0:08:24]} Kh8 {[%emt 0:12:18]} 29. Qg5 {[%emt 0:04:58]} Qg7 {[%emt 0:00:16]} 30. Qh4 {[%emt 0:01:46]} Nc4 {[%emt 0:08:06]} 31. Rg4 {[%emt 0:05:07]} Rg6 {[%emt 0:05:12]} 32. Rxg6 {[%emt 0:01:31]} Qxg6 {[%emt 0:00:01]} 33. Nf4 {[%emt 0:03:36]} Qd6 {[%emt 0:00:34]} 34. Qg5 {[%emt 0:03:40]} d4 {[%emt 0:05:53]} 35. Nh5 {[%emt 0:00:58]} Bxg2+ {[%emt 0:00:15]} 36. Qxg2 {[%emt 0:01:38]} Qf8 {[%emt 0:00:10]} 37. Qe2 {[%emt 0:09:59]} Qa8+ {[%emt 0:00:17]} 38. Kg1 {[%emt 0:00:11]} Qg8+ {[%emt 0:00:05]} 39. Kh1 {[%emt 0:00:08]} Qa8+ {[%emt 0:00:03]} 40. Kg1 {[%emt 0:00:00]} Qg8+ {[%emt 0:00:00]} 1/2-1/2

[Event "5th EKA IIFL Investment 2019"]
[Site "Mumbai"]
[Date "2020.01.04"]
[Round "6.39"]
[White "Shailesh, Dravid"]
[Black "Masango, Spencer"]
[Result "1-0"]
[WhiteElo "2311"]
[BlackElo "2181"]
[Annotator "TA"]
[PlyCount "132"]
[EventDate "2019.12.30"]
[EventType "swiss"]
[EventCountry "IND"]
[SourceTitle "playchess.com"]
[Source "ChessBase"]
[SourceQuality "1"]

{[%evp 16,132,40,21,43,20,52,52,52,35,49,-68,65,66,65,51,45,17,20,25,18,35,31,8,64,49,69,0,0,0,0,-72,-66,-128,-127,-127,-145,-136,0,0,37,30,93,86,81,77,85,63,131,135,133,126,142,125,132,130,247,236,258,239,256,254,383,379,368,156,152,147,198,165,443,462,453,453,430,433,717,702,720,700,685,664,671,664,651,643,631,568,611,569,1703,1340,1538,1520,1406,1312,2439,1964,10079,7128,6548,5185,29978,29979,29979,29980,29980,29981,29981,29982,29982,29983,29983,29984,29984,29985,29985,29986,29988]} 1. e4 e5 2. Nf3 Nc6 3. Bb5 a6 4. Ba4 Nf6 5. O-O Be7 6. Qe2 O-O 7. c3 b5 8. Bc2 d6 9. Rd1 Bb7 {C86: Closed Ruy Lopez: Worrall Attack} (9... Bg4 10. h3 Bh5 11. d4 Nd7 12. d5 Bxf3 13. Qxf3 Na5 14. a4 Bg5 15. Bxg5 Qxg5 16. Qe2 Nc4 17. Bd3 {½-½ (34) Kantans,T (2513)-Klekowski,M (2506) Katowice 2019}) 10. a4 b4 11. d4 exd4 {White is slightly better.} 12. cxd4 Re8 $146 ({Predecessor:} 12... Qc8 13. e5 dxe5 14. dxe5 Qe6 15. Nbd2 Rad8 {0-1 (45) Yuan,Y (1889)-Bullig,R (1730) Berlin 2011}) 13. e5 (13. Be3 $14) 13... Nd7 (13... dxe5 $15 14. dxe5 Bd6 {[%mdl 64] Pin}) 14. e6 fxe6 15. Qxe6+ Kh8 16. Qf5 {[%csl Gc2][%cal Rf5h7] [#]} (16. Qh3 {looks sharper.} Nf8 17. Be3 Bf6 18. Nbd2 Ne7 19. Ne4) 16... Nf8 17. d5 Ne5 18. Nxe5 dxe5 19. Be3 (19. Qxe5 Bf6 $17) 19... Qd6 ({Black should try} 19... Bxd5 $11 20. Nd2 (20. Qxe5 c6 $11) 20... g6) 20. Nd2 $14 Bxd5 21. Nf3 (21. Nc4 $1 $14 Qe6 22. Qxe6 (22. Nxe5 c6 $11) 22... Bxe6 23. Nxe5) 21... Bf6 $11 22. Rd2 c6 23. Rad1 (23. Be4 $11) 23... Qe6 $17 24. Qh5 (24. a5 $15) 24... g6 25. Qh6 {[#]} b3 $1 {[%cal Rb3c2]} 26. Bb1 Bg7 ({Black should play} 26... Qg4 $17 27. h3 Qxa4) 27. Qh4 $11 Rab8 28. Be4 $36 {[%mdl 3072] White has compensation. White has good play.} Rbd8 (28... Qf6 $11 29. Qxf6 (29. Bxd5 Qxh4 30. Nxh4 cxd5 $17) 29... Bxf6 30. Bxd5 cxd5) 29. Ng5 $16 Qg8 30. Qh3 Bf6 31. Qf3 Qg7 (31... Kg7 $1 $14) 32. Bxd5 cxd5 33. Rxd5 Rxd5 34. Qxd5 {Hoping for Nf7+.} Rd8 35. Qxb3 {Black must now prevent Rxd8.} Bxg5 (35... Qb7 $16 36. Qc2 (36. Qxb7 $2 {is a self mate.} Rxd1#) 36... Rxd1+ 37. Qxd1 Qxb2) 36. Bxg5 $18 Rxd1+ 37. Qxd1 Ne6 38. Be3 Qc7 (38... Nd4 $142 39. Qd3 Qf6) 39. Qd5 Nf4 40. Qc5 (40. Qa8+ $18 {and the rest is easy.} Kg7 41. Qxa6) 40... Qxc5 $16 41. Bxc5 {[%mdl 4096] Endgame KB-KN} Nd3 (41... Kg7 $16 42. b4 Kf7) 42. Bd6 $18 {And now b4 would win.} a5 $2 (42... Kg7 43. b4 Kf6) 43. b3 Kg7 44. Bc7 Kf7 45. Bxa5 Nc5 (45... Ke8 $142 46. Bd2 Nc5) 46. Bb6 Na6 47. Kf1 Ke6 48. Ke2 Kd5 49. Kd3 Nb4+ 50. Kc3 Na2+ 51. Kb2 Nb4 52. Be3 h5 53. h4 e4 54. a5 Kc6 55. Kc3 Kb5 56. Kd4 Nc6+ 57. Kxe4 Nxa5 58. Kf4 Nxb3 59. Kg5 {White mates.} Kc6 60. Kxg6 Na5 61. Kxh5 Kd5 62. Kg6 Nc6 63. h5 Ke6 64. h6 Ne7+ 65. Kg7 Nf5+ 66. Kf8 Kd5 {Accuracy: White = 62%, Black = 40%.} 1-0

[Event "5th EKA IIFL Investment 2019"]
[Site "Mumbai"]
[Date "2020.01.04"]
[Round "6.40"]
[White "Rohith, Krishna S"]
[Black "Pranav, Shetty"]
[Result "1/2-1/2"]
[WhiteElo "2306"]
[BlackElo "2162"]
[Annotator "ChessBase"]
[PlyCount "112"]
[EventDate "2019.12.30"]
[EventType "swiss"]
[EventCountry "IND"]
[SourceTitle "playchess.com"]
[Source "ChessBase"]
[SourceQuality "1"]
[TimeControl "40/5400+30:1800+30"]

1. d4 {[%emt 0:03:39]} Nf6 {[%emt 0:00:00]} 2. c4 {[%emt 0:00:06]} g6 {[%emt 0:00:12]} 3. Nc3 {[%emt 0:00:05]} Bg7 {[%emt 0:00:07]} 4. Nf3 {[%emt 0:00:09]} O-O {[%emt 0:00:08]} 5. g3 {[%emt 0:00:06]} d6 {[%emt 0:00:13]} 6. Bg2 {[%emt 0:00:07]} Nc6 {[%emt 0:00:13]} 7. O-O {[%emt 0:00:10]} Bf5 {[%emt 0:00:11]} 8. d5 {[%emt 0:01:31]} Na5 {[%emt 0:00:06]} 9. Nd2 {[%emt 0:00:06]} c5 {[%emt 0:00:54]} 10. e4 {[%emt 0:00:06]} Bd7 {[%emt 0:00:05]} 11. Qc2 {[%emt 0:00:06]} e5 {[%emt 0:02:01]} 12. a3 {[%emt 0:07:34]} b6 {[%emt 0:00:27]} 13. b3 {[%emt 0:00:42]} Ng4 {[%emt 0:02:27]} 14. h3 {[%emt 0:03:56]} Nh6 {[%emt 0:00:08]} 15. Bb2 {[%emt 0:03:05]} f5 {[%emt 0:00:14]} 16. exf5 {[%emt 0:00:50]} gxf5 {[%emt 0:05:51]} 17. f4 {[%emt 0:00:10]} Qe8 {[%emt 0:22:15]} 18. Rae1 {[%emt 0:08:21]} Qg6 {[%emt 0:01:29]} 19. Ne2 {[%emt 0:09:26]} Rae8 {[%emt 0:03:31]} 20. Nf3 {[%emt 0:14:57]} Bf6 {[%emt 0:03:12]} 21. Bc3 {[%emt 0:04:36]} Qg7 {[%emt 0:06:41]} 22. Qb2 {[%emt 0:03:22]} exf4 {[%emt 0:01:11]} 23. Bxf6 {[%emt 0:00:25]} Qxf6 {[%emt 0:00:23]} 24. Qxf6 {[%emt 0:00:29]} Rxf6 {[%emt 0:00:01]} 25. Nxf4 {[%emt 0:00:10]} Nxb3 {[%emt 0:06:00]} 26. Rxe8+ {[%emt 0:00:10]} Bxe8 {[%emt 0:00:02]} 27. Re1 {[%emt 0:00:09]} Bd7 {[%emt 0:08:57]} 28. Nh5 {[%emt 0:01:35]} Rf8 {[%emt 0:08:20]} 29. Re7 {[%emt 0:00:23]} Be8 {[%emt 0:00:02]} 30. Nf4 {[%emt 0:01:08]} b5 {[%emt 0:09:43]} 31. Bf1 {[%emt 0:04:54]} b4 {[%emt 0:04:36]} 32. Rxa7 {[%emt 0:00:58]} Rf7 {[%emt 0:05:02]} 33. Ra8 {[%emt 0:08:09]} bxa3 {[%emt 0:02:30]} 34. Rxa3 {[%emt 0:05:24]} Rb7 {[%emt 0:00:02]} 35. Bd3 {[%emt 0:03:45]} Nc1 {[%emt 0:01:50]} 36. Bf1 {[%emt 0:06:14]} Rb3 {[%emt 0:01:44]} 37. Rxb3 {[%emt 0:01:28]} Nxb3 {[%emt 0:00:01]} 38. Kf2 {[%emt 0:00:01]} Bd7 {[%emt 0:05:28]} 39. Ke3 {[%emt 0:00:28]} Kg7 {[%emt 0:00:46]} 40. Bd3 {[%emt 0:00:00]} Nf7 {[%emt 0:00:00]} 41. Nh5+ {[%emt 0:02:28]} Kg6 {[%emt 0:17:22]} 42. g4 {[%emt 0:02:11]} Nd4 {[%emt 0:00:26]} 43. Nf4+ {[%emt 0:07:42]} Kh6 {[%emt 0:11:32]} 44. Nxd4 {[%emt 0:01:06]} cxd4+ {[%emt 0:00:02]} 45. Kxd4 {[%emt 0:00:07]} fxg4 {[%emt 0:00:02]} 46. hxg4 {[%emt 0:00:04]} Bxg4 {[%emt 0:00:02]} 47. Ne6 {[%emt 0:00:08]} Ng5 {[%emt 0:03:23]} 48. Nxg5 {[%emt 0:00:45]} Kxg5 {[%emt 0:00:01]} 49. Bxh7 {[%emt 0:00:15]} Kf6 {[%emt 0:00:01]} 50. Kc3 {[%emt 0:00:25]} Ke7 {[%emt 0:00:06]} 51. Kb4 {[%emt 0:00:04]} Kd7 {[%emt 0:00:02]} 52. Ka5 {[%emt 0:00:07]} Kc7 {[%emt 0:00:04]} 53. Bd3 {[%emt 0:00:06]} Bd7 {[%emt 0:00:04]} 54. Kb4 {[%emt 0:00:07]} Bh3 {[%emt 0:00:07]} 55. c5 {[%emt 0:00:04]} dxc5+ {[%emt 0:00:03]} 56. Kxc5 {[%emt 0:00:04]} Kd8 {[%emt 0:00:02]} 1/2-1/2

[Event "5th EKA IIFL Investment 2019"]
[Site "Mumbai"]
[Date "2020.01.04"]
[Round "6.41"]
[White "Thakur, Akash"]
[Black "Nikhil Magizhnan"]
[Result "1/2-1/2"]
[WhiteElo "2300"]
[BlackElo "2077"]
[Annotator "TA"]
[PlyCount "81"]
[EventDate "2019.12.30"]
[EventType "swiss"]
[EventCountry "IND"]
[SourceTitle "playchess.com"]
[Source "ChessBase"]
[SourceQuality "1"]

{[%evp 13,81,0,0,0,7,0,43,10,19,-4,-11,-18,-16,-16,-16,-13,0,0,0,-14,-8,-9,-9,-14,-2,-12,0,0,0,0,0,0,0,0,7,0,29,43,37,37,133,47,122,0,116,0,63,82,88,58,150,188,236,0,0,0,0,0,0,0,0,0,0,0,0,0,0,0,0,0]} 1. d4 Nf6 2. Bf4 e6 3. e3 c5 4. c3 Nc6 5. Nd2 d5 6. Ngf3 Bd6 7. Bg3 O-O 8. Bb5 {D02: 1 d4 d5 2 Nf3 sidelines, including 2...Nf6 3 g3 and 2...Nf6 3 Bf4} cxd4 (8... Ne7 9. Bd3 Qb6 10. Rb1 Bd7 11. Ne5 Bb5 12. c4 dxc4 13. Nexc4 Bxc4 14. Nxc4 Qb4+ 15. Kf1 Bxg3 {½-½ (42) Grachev,B (2614)-Karjakin,S (2754) Moscow 2019}) 9. exd4 Ne4 10. Bxd6 {White is slightly better.} (10. Nxe4 {looks sharper.} dxe4 11. Nd2 f5 12. Bxd6 Qxd6 13. O-O) 10... Nxd6 11. Bxc6 bxc6 12. O-O Qb6 13. b4 a5 14. a3 Ba6 15. Re1 axb4 16. axb4 Bb5 $146 17. Nb3 Ba4 18. Ne5 Bxb3 19. Qxb3 {Black must now prevent Nd7.} Qb7 20. Qb2 Rxa1 21. Rxa1 Ra8 22. Ra2 Nb5 23. Ra5 h6 24. Qa1 Ra7 (24... Re8 {with more complications.} 25. Nd3 f6 26. f4 Qf7 27. Qe1 Qg6) 25. h4 Kf8 26. h5 (26. Nd3 {feels hotter.} Qe7 27. h5 f6 28. Nf4 Kf7 29. Ng6) 26... Kg8 (26... f6 $14 27. Nd3 Qe7) 27. g3 ({Better is} 27. Rxa7 $16 Qxa7 28. Qa5 Qxa5 29. bxa5) 27... Qc7 (27... f6 $14 28. Ng6 Qd7) 28. f4 (28. Rxa7 $16 Qxa7 29. Qa5 Qxa5 30. bxa5) 28... Qb7 (28... f6 $1 $11 29. Ng6 Kf7) 29. Kf2 ({White must play} 29. Rxa7 $16 Qxa7 30. Qa5) 29... Rxa5 ({Black should try} 29... f6 $11 30. Ng6 Kf7) 30. bxa5 $14 Qa6 {[#]} 31. Nd7 $1 Nd6 (31... Qc8 $14 32. Ne5 Qa6) 32. Qb1 $16 {Qb8+ is the strong threat.} Nb7 {[#] intending ...Qa8.} 33. Nb8 $2 ({White should play} 33. Qb4 $1 $18 {[%cal Rb4f8] Strongly threatening Qf8+.} c5 34. Nxc5 Nxc5 35. dxc5 (35. Qxc5 Qd3 $11)) 33... Qxa5 $11 {Hoping for ...Nd6.The position is equal.} 34. Qxb7 Qxc3 35. Qb1 Qxd4+ 36. Kg2 Qd2+ 37. Kf3 {Threatens to win with Nd7.} Qc3+ (37... d4 $5 38. Nd7 $8 Qe3+ 39. Kg2 Qe2+ 40. Kh1 Qxh5+ 41. Kg1 Qf3 42. Qb8+ Kh7 43. Nf8+ Kh8 $11) 38. Kg2 {And now Nd7 would win.} Qd2+ 39. Kf3 {aiming for Nd7.} Qc3+ (39... d4 $5 40. Nd7 $8 Qe3+ 41. Kg2 Qe2+ 42. Kh1 Qxh5+ 43. Kg1 Qf3 44. Qb8+ Kh7 45. Nf8+ Kh8 $11) 40. Kf2 Qd2+ 41. Kf3 {Accuracy: White = 61%, Black = 53%.} 1/2-1/2

[Event "5th EKA IIFL Investment 2019"]
[Site "Mumbai"]
[Date "2020.01.04"]
[Round "6.42"]
[White "Priyanka, K."]
[Black "Vantika Agrawal"]
[Result "0-1"]
[WhiteElo "2124"]
[BlackElo "2287"]
[Annotator "ChessBase"]
[PlyCount "180"]
[EventDate "2019.12.30"]
[EventType "swiss"]
[EventCountry "IND"]
[SourceTitle "playchess.com"]
[Source "ChessBase"]
[SourceQuality "1"]
[TimeControl "40/5400+30:1800+30"]

1. e4 {[%emt 0:00:00]} c5 {[%emt 0:00:00]} 2. Nf3 {[%emt 0:00:01]} d6 {[%emt 0:00:11]} 3. d4 {[%emt 0:00:11]} cxd4 {[%emt 0:00:08]} 4. Nxd4 {[%emt 0:00:06]} Nf6 {[%emt 0:00:07]} 5. Nc3 {[%emt 0:00:06]} a6 {[%emt 0:00:04]} 6. Be2 {[%emt 0:01:49]} e5 {[%emt 0:00:16]} 7. Nb3 {[%emt 0:00:24]} Be7 {[%emt 0:01:07]} 8. O-O {[%emt 0:00:22]} O-O {[%emt 0:01:26]} 9. Re1 {[%emt 0:01:09]} Be6 {[%emt 0:01:29]} 10. Bf3 {[%emt 0:00:27]} Qc7 {[%emt 0:09:29]} 11. a4 {[%emt 0:02:40]} Nc6 {[%emt 0:07:37]} 12. Be3 {[%emt 0:16:40]} Rac8 {[%emt 0:15:18]} 13. Qd2 {[%emt 0:07:54]} Nb4 {[%emt 0:10:00]} 14. a5 {[%emt 0:03:29]} Rfe8 {[%emt 0:08:18]} 15. Ra4 {[%emt 0:13:34]} d5 {[%emt 0:08:21]} 16. exd5 {[%emt 0:03:23]} Bf5 {[%emt 0:01:29]} 17. Bb6 {[%emt 0:11:01]} Qd7 {[%emt 0:03:13]} 18. d6 {[%emt 0:11:56]} Bxd6 {[%emt 0:16:44]} 19. Rd1 {[%emt 0:05:20]} e4 {[%emt 0:02:43]} 20. Qxd6 {[%emt 0:05:08]} Qxd6 {[%emt 0:00:29]} 21. Rxd6 {[%emt 0:00:06]} exf3 {[%emt 0:00:06]} 22. gxf3 {[%emt 0:01:43]} Nxc2 {[%emt 0:02:34]} 23. Nd4 {[%emt 0:01:47]} Nxd4 {[%emt 0:01:04]} 24. Raxd4 {[%emt 0:00:10]} Bh3 {[%emt 0:01:39]} 25. Rd8 {[%emt 0:01:27]} Rcxd8 {[%emt 0:00:21]} 26. Rxd8 {[%emt 0:00:08]} Rxd8 {[%emt 0:00:37]} 27. Bxd8 {[%emt 0:00:06]} Nd7 {[%emt 0:01:43]} 28. Bc7 {[%emt 0:03:54]} Nc5 {[%emt 0:01:28]} 29. b4 {[%emt 0:01:10]} Ne6 {[%emt 0:00:46]} 30. Bd6 {[%emt 0:00:30]} Nd4 {[%emt 0:00:55]} 31. f4 {[%emt 0:00:17]} Nf3+ {[%emt 0:02:23]} 32. Kh1 {[%emt 0:00:05]} h5 {[%emt 0:01:37]} 33. Ne4 {[%emt 0:01:09]} f6 {[%emt 0:01:18]} 34. Nc5 {[%emt 0:00:47]} h4 {[%emt 0:00:40]} 35. Nb3 {[%emt 0:07:14]} Bf1 {[%emt 0:00:46]} 36. h3 {[%emt 0:00:13]} Bxh3 {[%emt 0:00:44]} 37. Bc5 {[%emt 0:00:21]} Bf1 {[%emt 0:00:47]} 38. Nd4 {[%emt 0:00:15]} Nd2 {[%emt 0:00:27]} 39. Kh2 {[%emt 0:01:53]} Kf7 {[%emt 0:00:28]} 40. f5 {[%emt 0:00:00]} h3 {[%emt 0:00:00]} 41. Bd6 {[%emt 0:04:11]} Ne4 {[%emt 0:10:09]} 42. Bc7 {[%emt 0:05:44]} Bg2 {[%emt 0:06:47]} 43. Kg1 {[%emt 0:00:29]} Nd2 {[%emt 0:01:30]} 44. Kh2 {[%emt 0:01:13]} g6 {[%emt 0:01:47]} 45. fxg6+ {[%emt 0:02:22]} Kxg6 {[%emt 0:00:07]} 46. Bf4 {[%emt 0:00:59]} Ne4 {[%emt 0:01:24]} 47. f3 {[%emt 0:02:08]} Nf2 {[%emt 0:01:09]} 48. Kg3 {[%emt 0:01:59]} Nd3 {[%emt 0:00:35]} 49. Bd2 {[%emt 0:01:29]} f5 {[%emt 0:01:58]} 50. Ne6 {[%emt 0:02:31]} Ne5 {[%emt 0:01:02]} 51. Nf4+ {[%emt 0:08:47]} Kf7 {[%emt 0:00:33]} 52. Nxg2 {[%emt 0:00:29]} hxg2 {[%emt 0:00:07]} 53. Kxg2 {[%emt 0:00:05]} Ke6 {[%emt 0:00:52]} 54. Kg3 {[%emt 0:00:42]} Ng6 {[%emt 0:00:44]} 55. Bc3 {[%emt 0:02:21]} Kd5 {[%emt 0:00:39]} 56. Be1 {[%emt 0:00:23]} Kc4 {[%emt 0:01:43]} 57. Bd2 {[%emt 0:00:07]} Kb3 {[%emt 0:01:29]} 58. f4 {[%emt 0:00:37]} Kc4 {[%emt 0:00:27]} 59. Be1 {[%emt 0:00:39]} Kd3 {[%emt 0:00:38]} 60. Kf3 {[%emt 0:02:46]} Nf8 {[%emt 0:02:09]} 61. Bh4 {[%emt 0:00:29]} Ne6 {[%emt 0:00:10]} 62. Be7 {[%emt 0:00:28]} Nd4+ {[%emt 0:00:28]} 63. Kf2 {[%emt 0:00:30]} Ke4 {[%emt 0:04:40]} 64. Bd6 {[%emt 0:00:11]} Kd5 {[%emt 0:00:59]} 65. Be7 {[%emt 0:00:50]} Nc6 66. Bc5 {[%emt 0:01:02]} Ke4 {[%emt 0:01:08]} 67. Kg3 {[%emt 0:00:21]} Nd4 {[%emt 0:00:17]} 68. Kf2 {[%emt 0:00:34]} Ne6 {[%emt 0:00:08]} 69. Bd6 {[%emt 0:00:16]} Nxf4 {[%emt 0:00:07]} 70. Kg3 {[%emt 0:00:22]} Nd3 {[%emt 0:00:14]} 71. Kg2 {[%emt 0:00:14]} f4 {[%emt 0:00:44]} 72. Kf1 {[%emt 0:00:16]} f3 {[%emt 0:00:13]} 73. Be7 {[%emt 0:00:13]} Kd4 {[%emt 0:00:32]} 74. Bf8 {[%emt 0:00:32]} Kc4 {[%emt 0:00:05]} 75. Bd6 {[%emt 0:00:08]} Kb5 {[%emt 0:00:23]} 76. Bc7 {[%emt 0:00:29]} Kxb4 {[%emt 0:00:14]} 77. Kg1 {[%emt 0:00:30]} Kb5 {[%emt 0:00:30]} 78. Kf1 {[%emt 0:00:11]} Kb4 {[%emt 0:02:09]} 79. Kg1 {[%emt 0:00:08]} Nb2 {[%emt 0:00:23]} 80. Kf2 {[%emt 0:00:25]} Nc4 {[%emt 0:00:03]} 81. Kxf3 {[%emt 0:00:14]} Nxa5 {[%emt 0:00:09]} 82. Ke3 {[%emt 0:00:20]} Nc6 {[%emt 0:01:02]} 83. Kd2 {[%emt 0:00:19]} Kb3 {[%emt 0:00:22]} 84. Kc1 {[%emt 0:00:21]} a5 {[%emt 0:00:25]} 85. Kb1 {[%emt 0:00:22]} b5 {[%emt 0:00:05]} 86. Bd6 {[%emt 0:00:11]} b4 {[%emt 0:00:11]} 87. Bf8 {[%emt 0:00:13]} a4 {[%emt 0:00:21]} 88. Bg7 {[%emt 0:00:08]} Na5 {[%emt 0:00:18]} 89. Ka1 {[%emt 0:00:27]} Nc4 {[%emt 0:00:04]} 90. Bd4 {[%emt 0:00:12]} Na3 {[%emt 0:00:36]} 0-1